The sayings of Muhammad. (Record no. 88836)

MARC details
000 -LEADER
fixed length control field 00664cam a22002171 4500
001 - CONTROL NUMBER
control field sa 68019132
003 - CONTROL NUMBER IDENTIFIER
control field DLC
005 - DATE AND TIME OF LATEST TRANSACTION
control field 20260227112717.0
008 - FIXED-LENGTH DATA ELEMENTS--GENERAL INFORMATION
fixed length control field 711207s1968 pk 000 0 eng
010 ## - LIBRARY OF CONGRESS CONTROL NUMBER
LC control number sa 68019132
025 ## - OVERSEAS ACQUISITION NUMBER
Overseas acquisition number PL480:P-E-1494
040 ## - CATALOGING SOURCE
Original cataloging agency DLC
Transcribing agency DLC
Modifying agency DLC
-- OCoLC
-- DLC
050 00 - LIBRARY OF CONGRESS CALL NUMBER
Classification number BP135.A3
Item number S774 1968
082 00 - DEWEY DECIMAL CLASSIFICATION NUMBER
Classification number 297/.63
100 1# - MAIN ENTRY--PERSONAL NAME
Personal name Suhrawardy, Abdullah al-Mamun,
Titles and words associated with a name Sir,
Dates associated with a name 1882-1935,
Relator term comp.
245 14 - TITLE STATEMENT
Title The sayings of Muhammad.
Statement of responsibility, etc. Edited by Abdullah al-Māmūn al-Suhrawardy.
260 ## - PUBLICATION, DISTRIBUTION, ETC.
Place of publication, distribution, etc. Lahore,
Name of publisher, distributor, etc. Premier Book House
Date of publication, distribution, etc. [1968]
300 ## - PHYSICAL DESCRIPTION
Extent xviii, 99 p.
Dimensions 18 cm.
650 #0 - SUBJECT ADDED ENTRY--TOPICAL TERM
Topical term or geographic name entry element Hadith
General subdivision Texts.
700 0# - ADDED ENTRY--PERSONAL NAME
Personal name Muḥammad,
Titles and other words associated with a name Prophet,
Dates associated with a name -632.

No items available.

Powered by Koha